Order and chaos in the world of atoms / (Record no. 67901)
[ view plain ]
| 000 -LEADER | |
|---|---|
| fixed length control field | 00802nam a2200253 a 4500 |
| 001 - CONTROL NUMBER | |
| control field | 67901 |
| 003 - CONTROL NUMBER IDENTIFIER | |
| rucl marc code | BD-RjUL |
| 005 - DATE AND TIME OF LATEST TRANSACTION | |
| control field | 20211209081714.0 |
| 008 - FIXED-LENGTH DATA ELEMENTS--GENERAL INFORMATION | |
| fixed length control field | 170329s1948 enka 001 0 eng |
| 035 ## - SYSTEM CONTROL NUMBER | |
| System control number | (BD-RjUL)68110 |
| 040 ## - CATALOGING SOURCE | |
| Original cataloging agency | DLC |
| Transcribing agency | GAT |
| Modifying agency | BD-RjUL |
| Language of cataloging | eng |
| 041 ## - LANGUAGE CODE | |
| Language code of text/sound track or separate title | eng |
| 082 ## - DEWEY DECIMAL CLASSIFICATION NUMBER | |
| Classification number | 540 |
| Edition number | 23 |
| Author mark and year | SAO 1948 |
| 100 1# - MAIN ENTRY--PERSONAL NAME | |
| Personal name | Saunders, Bernard Charles. |
| 9 (RLIN) | 201282 |
| 245 10 - TITLE STATEMENT | |
| Title | Order and chaos in the world of atoms / |
| Statement of responsibility, etc. | B. C. Saunders and R. E. D. Clark. |
| 250 ## - EDITION STATEMENT | |
| Edition statement | [Completely rev. ed.] |
| 260 ## - PUBLICATION, DISTRIBUTION, ETC. (IMPRINT) | |
| Place of publication, distribution, etc. | London : |
| Name of publisher, distributor, etc. | English Universities Press, |
| Date of publication, distribution, etc. | 1948. |
| 300 ## - PHYSICAL DESCRIPTION | |
| Pagination | ix, 299 p. : |
| Illustrations | ill. ; |
| Size | 20 cm. |
| 500 ## - GENERAL NOTE | |
| General note | Includes index |
| 650 #0 - SUBJECT ADDED ENTRY--TOPICAL TERM | |
| Topical term or geographic name as entry element | Chemistry. |
| 9 (RLIN) | 201283 |
| 700 1# - ADDED ENTRY--PERSONAL NAME | |
| Personal name | Clark, Robert E. D. |
| Fuller form of name | (Robert Edward David), |
| Dates associated with a name | 1906-1984, |
| Relator term | joint author. |
| 942 ## - ADDED ENTRY ELEMENTS (KOHA) | |
| Source of classification or shelving scheme | Dewey Decimal Classification |
| Koha item type | Books |
| Lost status | Source of classification or shelving scheme | Damaged status | Not for loan | Collection code | Permanent Location | Current Location | Shelving location | Date acquired | Source of acquisition | Cost, normal purchase price | Total Checkouts | Full call number | Date last seen | Copy number | Koha item type |
|---|---|---|---|---|---|---|---|---|---|---|---|---|---|---|---|
| Dewey Decimal Classification | Not For Loan | Non-fiction | Central Library, University of Rajshahi | Central Library, University of Rajshahi | Reading Room | 17/10/1957 | Publishers United Ltd. | 8.09 | 540 SAO 1948 | 29/03/2017 | C-1 | Books |